000
00217 a2200097 4500
001
48602
100
_a
Terraine, J
245
_a
The right of the line
260
_a
London
_b
Hodder stoughton
_c
090
_c
31529
_d
31529
942
_a
NUST-CAE
_c
M
_c
23924
999
_c
283675
_d
283675